000 00484nam a2200133 4500
999 _c9166
_d9166
008 180413b ||||| |||| 00| 0 eng d
082 _aDPer 050 Dec 2015-Mar 2016 T48 v186-187
100 _927366
_aSteinmetz, Katy.
245 _aForget the distant future, smarter cars are already here/
_cKaty Steinmetz.
260 _aNew York:
_bTime Inc.,
_c©Dec 2015-Mar 2016.
300 _av187 n8, pages 30-33:
_billustrations;
_c27 cm.
650 0 _927367
_aAutomobiles.
942 _2ddc
_cPER